000 00735nam a2200289Ia 4500
005 20260324112909.0
008 008 260324s9999 xx 000 0 eng d
020 _a9781003498247
037 _aEBOOK
040 _aCRL
040 _beng
040 _cCRL
041 _2eng
041 _aeng
084 _qCRL
100 _aCia Verschelden
_91144584
245 0 _aBandwidth Recovery
245 0 _bHelping Students Reclaim Cognitive Resources Lost to Poverty, Racism, and Social Marginalization
260 _bTaylor and Francis
260 _c2024
365 _a
365 _b220
856 _uhttp://www.taylorfrancis.com/books/9781003498247
942 _cEBOOK
999 _c1733969
_d1733969